| 000 | 02441nam0a2200409 4500 | ||
|---|---|---|---|
| 001 | RU\NLR\BIBL_A\011734167 | ||
| 005 | 20200826105206.0 | ||
| 010 |
_a978-5-7256-0869-4 _950 |
||
| 021 |
_aRU _bКН-П-18-036037 _9КН-П-18-2616 |
||
| 035 | _a(NLR Aleph) 011734167 | ||
| 035 | _a(RuMoRGB)009634595 | ||
| 090 |
_a11544668 _c11544668 |
||
| 100 | _a20180620d2017 k y0rusy50 ca | ||
| 101 | 0 |
_arus _deng |
|
| 102 | _aRU | ||
| 105 | _aa z 000zy | ||
| 200 | 1 |
_aМатериалы научно-практической конференции "Актуальные проблемы информатизации в науке и образовании - 2017" (Зеленоград, 8-9 ноября 2017 г.) _eсборник статей _fМинистерство образования и науки Российской Федерации, Национальный исследовательский университет "МИЭТ" _g[редакционная коллегия: Гагарина Л. Г., д.т.н., профессор, главный редактор и др.] |
|
| 210 |
_aМосква _cМИЭТ _d2017 |
||
| 215 |
_a132 с. _cил., табл. _d21 |
||
| 300 | _aРез. англ. | ||
| 313 | _aИнформационные технологии | ||
| 320 | _aБиблиогр. в конце ст. | ||
| 606 | 1 |
_aОбразование _jСъезды, совещания и т.п _xИнформационные технологии _92103593 _3RU\NLR\AUTH\661575610 |
|
| 606 | 1 |
_aИнформационные технологии _jСъезды, совещания и т.п _91740175 _3RU\NLR\AUTH\66778624 |
|
| 686 |
_aЧ231.58я431(2) _2rubbk |
||
| 686 |
_aЧ23р(2)3я431(2) _2rubbk |
||
| 686 |
_aЗ973.233я431(2) _2rubbk |
||
| 686 | 1 | _aЧ312.31я431 | |
| 686 | 1 | _aЗ973.233я431(2) | |
| 702 | 1 |
_4340 _aГагарина _bЛ. Г. _cд-р техн. наук _gЛариса Геннадьевна _9219432 _3RU\NLR\AUTH\770219488 |
|
| 710 | 1 | 2 |
_a"Актуальные проблемы информатизации в науке и образовании - 2017", всероссийская межвузовская научно-практическая конференция _d10 _eЗеленоград _9596420 _3RU\NLR\AUTH\880467218 |
| 942 | _cBOOK | ||
| 980 | _aNBR | ||
| 980 | _aNB | ||